Principles of Buddhist tantra: (Record no. 13689)

MARC details
000 -LEADER
fixed length control field 00948nam a22002417a 4500
005 - DATE AND TIME OF LATEST TRANSACTION
control field 20080616142456.0
008 - FIXED-LENGTH DATA ELEMENTS--GENERAL INFORMATION
fixed length control field 080616t xxu||||| |||| 00| 0 eng d
010 ## - LIBRARY OF CONGRESS CONTROL NUMBER
LC control number ENG-90303
020 ## - INTERNATIONAL STANDARD BOOK NUMBER
International Standard Book Number 8121511902
Terms of availability 600.00
035 ## - SYSTEM CONTROL NUMBER
System control number EN-73836
037 ## - SOURCE OF ACQUISITION
Source of stock number/acquisition DBAD / PUB
040 ## - CATALOGING SOURCE
Original cataloging agency DPL
Language of cataloging EN
082 ## - DEWEY DECIMAL CLASSIFICATION NUMBER
Classification number 250.3925
100 ## - MAIN ENTRY--PERSONAL NAME
Personal name Varghese, Mathew
245 ## - TITLE STATEMENT
Title Principles of Buddhist tantra:
Statement of responsibility, etc by Mathew Varghese
Remainder of title a discourse on Cittavisuddhi-prakarana of Aryadeva /
260 ## - PUBLICATION, DISTRIBUTION, ETC. (IMPRINT)
Place of publication, distribution, etc New Delhi
Name of publisher, distributor, etc Munshiram Manoharlal Publishers
Date of publication, distribution, etc 2008
270 ## - ADDRESS
Address Post Box 5715, 54 Rani Jhansi Road,
City New Delhi
Postal code 110055
300 ## - PHYSICAL DESCRIPTION
Extent xvii, 282p.
Dimensions 25 cm (Hb)
500 ## - GENERAL NOTE
General note Includes bibliographical references & index
700 ## - ADDED ENTRY--PERSONAL NAME
Personal name
942 ## - ADDED ENTRY ELEMENTS (KOHA)
Koha item type English Books
Classification part 250.3925
Source of classification or shelving scheme Dewey Decimal Classification
Call number suffix VAR
Holdings
Withdrawn status Lost status Damaged status Not for loan Collection code Home library Current library Date acquired Source of acquisition Cost, normal purchase price Total Checkouts Full call number Barcode Date last seen Copy number Cost, replacement price Price effective from Koha item type
      Not For Loan Non-fiction D.B.Act.Division D.B.Act.Division 16/06/2008 DBAD / PUB 600.00   250.3925 VAR EN-73836 15/09/2008 1 600.00 15/09/2008 English Books

© Delhi Public Library
Hit Counter
free hit counter